[Event "Malmo op"]
[Site "Malmo"]
[Date "2017.12.16"]
[Round "6"]
[White "Unmack, Christian"]
[Black "Hillarp Persson, Tiger"]
[Result "0-1"]
[WhiteElo "2157"]
[BlackElo "2537"]
[PlyCount "66"]
[EventDate "2017.12.15"]
[EventType "swiss"]
[EventRounds "8"]
[EventCountry "SWE"]
[SourceTitle "CBM 182 Extra"]
[Source "ChessBase"]
[SourceDate "2018.02.23"]
[SourceVersion "1"]
[SourceVersionDate "2018.02.23"]
[SourceQuality "1"]

1. d4 g6 2. c4 Bg7 3. Nc3 d6 4. e4 e5 5. Be3 Nf6 6. Nf3 exd4 7. Qxd4 0-0 8. Qd3 Na6 9. Rd1 Qe8 10. Nd2 Ng4 11. Be2 Nb4 12. Qb1 Nxe3 13. fxe3 c6 14. 0-0 Qe7 15. Nf3 a5 16. a3 Na6 17. Na4 Bh6 18. Qd3 Re8 19. Nd2 Nc5 20. Nxc5 dxc5 21. Bf3 Bg7 22. Qc2 a4 23. Rf2 Be5 24. Nf1 Be6 25. Rfd2 b5 26. Be2 Reb8 27. Qc1 Ra7 28. Rc2 b4 29. Rd3 Rab7 30. Qd2 Kg7 31. Qd1 Qf6 32. Bg4 bxa3 33. bxa3 Rb1 0-1

[Event "Malmo op"]
[Site "Malmo"]
[Date "2016.12.16"]
[Round "1"]
[White "Tikkanen, Hans"]
[Black "Unmack, Christian"]
[Result "1-0"]
[WhiteElo "2531"]
[BlackElo "2109"]
[PlyCount "53"]
[EventDate "2016.12.16"]
[EventType "swiss"]
[EventRounds "7"]
[EventCountry "SWE"]
[SourceTitle "CBM 176 Extra"]
[Source "ChessBase"]
[SourceDate "2017.03.02"]
[SourceVersion "1"]
[SourceVersionDate "2017.03.02"]
[SourceQuality "1"]

1. e4 Nc6 2. d4 d5 3. exd5 Qxd5 4. Nf3 Bg4 5. Be2 0-0-0 6. c4 Qf5 7. Be3 e6 8. 0-0 Bc5 9. Nbd2 Bb4 10. h3 Bxf3 11. Nxf3 Nh6 12. a3 Be7 13. b4 Bf6 14. Ra2 Rd7 15. Rd2 Rhd8 16. b5 Ne7 17. Kh1 Qg6 18. g4 e5 19. dxe5 Rxd2 20. Bxd2 Bxe5 21. Nxe5 Qe4+ 22. Nf3 Ng6 23. Re1 Nf4 24. Bf1 Qg6 25. Qb1 Qd6 26. Bxf4 Qxf4 27. Qe4 1-0

[Event "Deltalift op"]
[Site "Tylosand"]
[Date "2012.05.17"]
[Round "2"]
[White "Unmack, Christian"]
[Black "Brynell, Stellan"]
[Result "0-1"]
[WhiteElo "2161"]
[BlackElo "2489"]
[PlyCount "120"]
[EventDate "2012.05.17"]
[EventType "swiss"]
[EventRounds "8"]
[EventCountry "SWE"]
[SourceTitle "CBM 148 Extra"]
[Source "ChessBase"]
[SourceDate "2012.06.22"]
[SourceVersion "1"]
[SourceVersionDate "2012.06.22"]
[SourceQuality "1"]

1. e4 e6 2. d4 d5 3. Nc3 Nf6 4. exd5 exd5 5. Bd3 Bb4 6. Nf3 0-0 7. 0-0 Bg4 8. Bg5 c6 9. Ne2 Bxf3 10. gxf3 Nbd7 11. Ng3 Qc7 12. Kg2 Rfe8 13. Rh1 h6 14. Be3 Nf8 15. Qc1 Ng6 16. Nf5 Nh5 17. Rg1 Bd6 18. Bxh6 gxh6 19. Qxh6 Nhf4+ 20. Kh1 Bf8 21. Qh4 Bg7 22. Qg4 Nxd3 23. cxd3 Re2 24. Rg2 Rae8 25. Rag1 Re1 26. h4 Rxg1+ 27. Rxg1 Re2 28. h5 Rxf2 29. Qh3 Qf4 30. hxg6 Qxf3+ 31. Qxf3 Rxf3 32. gxf7+ Kxf7 33. Nxg7 Rxd3 34. Nf5 Kf6 35. Rf1 Rd2 36. Nd6+ Ke7 37. Nxb7 Rxb2 38. Nc5 Rxa2 39. Rb1 a5 40. Rb7+ Kf6 41. Rc7 a4 42. Rxc6+ Kf5 43. Ra6 a3 44. Rd6 Rb2 45. Rxd5+ Kg4 46. Nb3 Rxb3 47. Ra5 Kg3 48. Rg5+ Kf3 49. Rf5+ Ke4 50. Ra5 Kxd4 51. Kg2 Kc3 52. Kf3 Kb2+ 53. Ke4 a2 54. Kd4 a1Q 55. Rxa1 Kxa1 56. Kc4 Rb8 57. Kc5 Kb2 58. Kc6 Kc3 59. Kc7 Rb4 60. Kc6 Kc4 0-1

[Event "Politiken Cup 25th"]
[Site "Copenhagen"]
[Date "2003.07.15"]
[Round "2"]
[White "Rohrmueller, Ulrich"]
[Black "Unmack, Christian"]
[Result "1/2-1/2"]
[WhiteElo "2268"]
[BlackElo "2085"]
[PlyCount "81"]
[EventDate "2003.07.14"]
[EventType "swiss"]
[EventRounds "11"]
[EventCountry "DEN"]
[SourceTitle "CBM 095 Extra"]
[Source "ChessBase"]
[SourceDate "2003.09.04"]
[SourceVersion "1"]
[SourceVersionDate "2003.09.04"]
[SourceQuality "1"]

1. Nf3 d5 2. d4 Nf6 3. c4 e6 4. Nc3 Nbd7 5. Bg5 Be7 6. e3 0-0 7. Qc2 c5 8. cxd5 Nxd5 9. Bxe7 Qxe7 10. Nxd5 exd5 11. Bd3 g6 12. dxc5 Nxc5 13. 0-0 Be6 14. Rfc1 Rac8 15. Qd1 Rfd8 16. Nd4 Qg5 17. Be2 Qe5 18. Rc2 Ne4 19. Rac1 Nd6 20. Rxc8 Rxc8 21. Rxc8+ Nxc8 22. Qc2 Qd6 23. h3 Bd7 24. Qc3 Ne7 25. Bf3 b6 26. b4 Qe5 27. Qa3 Qc7 28. b5 Be8 29. g3 h5 30. h4 Kg7 31. Kg2 Kg8 32. Bd1 Bd7 33. Kh2 Nf5 34. Nxf5 Bxf5 35. Qb2 Qc4 36. Be2 Bd3 37. Bxd3 Qxd3 38. Kg2 Qe4+ 39. Kg1 Qd3 40. Kg2 Qc4 41. Kg1 1/2-1/2

[Event "Politiken Cup 24th"]
[Site "Copenhagen"]
[Date "2002.07.18"]
[Round "4"]
[White "Sandbech, Ted Henrik"]
[Black "Unmack, Christian"]
[Result "0-1"]
[WhiteElo "1516"]
[BlackElo "1993"]
[PlyCount "104"]
[EventDate "2002.07.15"]
[EventType "swiss"]
[EventRounds "11"]
[EventCountry "DEN"]
[SourceTitle "CBM 089 Extra"]
[Source "ChessBase"]
[SourceDate "2002.09.10"]
[SourceVersion "2"]
[SourceVersionDate "2002.09.10"]
[SourceQuality "1"]

1. Nf3 d5 2. d4 Nf6 3. c4 e6 4. Nc3 Nbd7 5. Bg5 c6 6. e3 Qa5 7. Qc2 Bb4 8. a3 Ne4 9. Rc1 Bxc3+ 10. bxc3 c5 11. Be2 cxd4 12. exd4 Nxg5 13. Nxg5 dxc4 14. Ne4 0-0 15. Bxc4 b6 16. 0-0 Ba6 17. Bxa6 Qxa6 18. Ng5 Nf6 19. Qb3 Rfd8 20. f4 Qd3 21. Kh1 Qf5 22. Rce1 Rac8 23. Rf3 h6 24. Re5 Qg6 25. Nh3 Ne4 26. f5 exf5 27. Nf4 Qg5 28. Qb2 Nxc3 29. Nh3 Na4 30. Qb4 Rc1+ 31. Ng1 Nc5 32. Rexf5 Nd3 33. Qb3 Rxg1+ 34. Kxg1 Qc1+ 35. Rf1 Qe3+ 36. R5f2 Rd7 37. Qc3 Re7 38. Qd2 Nxf2 39. Qxf2 Re6 40. h3 Qxf2+ 41. Kxf2 Rf6+ 42. Ke2 Rxf1 43. Kxf1 Kf8 44. Ke2 Ke7 45. Kd3 Kd6 46. Kc4 a6 47. g4 g6 48. h4 f5 49. gxf5 gxf5 50. Kd3 b5 51. Ke3 a5 52. Kf4 b4 0-1

[Event "Politiken Cup 24th"]
[Site "Copenhagen"]
[Date "2002.07.16"]
[Round "2"]
[White "Nielsen, Jorgen Kamp"]
[Black "Unmack, Christian"]
[Result "0-1"]
[WhiteElo "1400"]
[BlackElo "1993"]
[PlyCount "34"]
[EventDate "2002.07.15"]
[EventType "swiss"]
[EventRounds "11"]
[EventCountry "DEN"]
[SourceTitle "CBM 089 Extra"]
[Source "ChessBase"]
[SourceDate "2002.09.10"]
[SourceVersion "2"]
[SourceVersionDate "2002.09.10"]
[SourceQuality "1"]

1. e4 c5 2. Nf3 e6 3. d4 cxd4 4. c3 dxc3 5. Nxc3 d6 6. Bc4 Nf6 7. Be3 Be7 8. Qa4+ Bd7 9. Qb3 Nc6 10. Qc2 0-0 11. a3 Rc8 12. Ba2 b5 13. b4 a5 14. Qb2 axb4 15. Ne2 bxa3 16. Qxb5 Nd4 17. Qd3 Nc2+ 0-1

[Event "Politiken Cup 24th"]
[Site "Copenhagen"]
[Date "2002.07.15"]
[Round "1"]
[White "Unmack, Christian"]
[Black "Palo, Davor"]
[Result "0-1"]
[WhiteElo "1993"]
[BlackElo "2394"]
[PlyCount "56"]
[EventDate "2002.07.15"]
[EventType "swiss"]
[EventRounds "11"]
[EventCountry "DEN"]
[SourceTitle "CBM 089 Extra"]
[Source "ChessBase"]
[SourceDate "2002.09.10"]
[SourceVersion "2"]
[SourceVersionDate "2002.09.10"]
[SourceQuality "1"]

1. d4 Nf6 2. c4 e6 3. Nc3 Bb4 4. a3 Bxc3+ 5. bxc3 c5 6. e3 0-0 7. Bd3 Nc6 8. Ne2 e5 9. 0-0 d6 10. Ng3 Re8 11. e4 cxd4 12. f4 dxc3 13. f5 h6 14. Nh5 Nd4 15. h4 b5 16. Nxf6+ Qxf6 17. Qh5 Bxf5 18. Rxf5 Nxf5 19. exf5 e4 20. Be2 c2 21. Ra2 Qc3 22. Kh2 bxc4 23. f6 Qxf6 24. Rxc2 Rac8 25. Rxc4 Rxc4 26. Bxc4 Rc8 27. Qd5 Qe5+ 28. Qxe5 dxe5 0-1